000 00311nam a22001337a 4500
008 170315b xxu||||| |||| 00| 0 eng d
020 _a9780130172921
041 _aeng
080 _25TH
_a611
100 _a7
101 _aSHM
245 _aFUNDAMENTALS OF ANATOMYY & PHYSIOLOGY
_cMARTINI, F.H
942 _2udc
_cBK
999 _c7876
_d7876